| 000 | 00382nam a2200145Ia 4500 | ||
|---|---|---|---|
| 008 | 150201s1998 xx 000 0 und d | ||
| 082 |
_a615.8 _bT1998H |
||
| 100 | _aHALL CARRIES | ||
| 245 | _aTHERAPEUTIC EXERCISE MOVING TOWARDS FUNCTIONS | ||
| 250 | _a1ST | ||
| 260 |
_bLIPPINCOTT PUBLICATION _aPHILADELPHIA _c1998 |
||
| 300 | _a1-707 | ||
| 650 | _aPHYSIOTHERAPY | ||
| 942 |
_2ddc _cBK |
||
| 999 |
_c4341 _d4341 |
||